000 02483nam a2200505 c 4500
001 BV047486745
003 DE-604
005 20251127125330.0
007 t|
008 210928s2019 ru a||| |||| 00||| rus d
020 _a9785604253694
_9978-5-604-25369-4
035 _a(OCoLC)1277012655
035 _a(DE-599)KXP1698594585
040 _aDE-604
_bger
_cRU-10907106
041 0 _arus
044 _aru
_cXA-RU
049 _aDE-12
084 _qDE-12
100 1 _6880-01
_aTachnaeva, Patimat Ibragimovna
_d1967-
_eVerfasser
_0(DE-588)1200435478
_4aut
_967771
245 1 0 _6880-03
_aChadži-Murat
_bChadžimurad iz Chunzacha
_cP.I. Tachnaeva
264 1 _6880-04
_aMoskva
_bRossijskaja akademija nauk. Institut vostokovedenija
_c2019
300 _a678 Seiten, 8 ungezählte Seiten Bildtafeln
_bIllustrationen
_c25 cm
336 _btxt
_2rdacontent
_aText
337 _bn
_2rdamedia
338 _bnc
_2rdacarrier
500 _aQuellen- und Literaturverzeichnis: Seite 660-[670]
546 _aText russisch
546 _bKyrillisch
600 0 7 _aChadži-Murat
_d1795-1852
_0(DE-588)13623240X
_2gnd
_9rswk-swf
650 0 7 _aKaukasuskrieg
_g1817-1864
_0(DE-588)4619588-9
_2gnd
_9rswk-swf
655 7 _0(DE-588)4006804-3
_aBiografie
_2gnd-content
_9480
710 2 _6880-02
_aInstitut vostokovedenija (Moskau)
_0(DE-588)1007674-8
_4isb
_92576
856 4 _mDigitalisierung BSB München 19 - ADAM Catalogue Enrichment
_uhttps://bvbr.bib-bvb.de:443/F?func=service&doc_library=BVB01&local_base=BVB01&doc_number=032888118&sequence=000001&line_number=0001&func_code=DB_RECORDS&service_type=MEDIA
_zInhaltsverzeichnis
856 4 _mDigitalisierung BSB München 19 - ADAM Catalogue Enrichment
_uhttps://bvbr.bib-bvb.de:443/F?func=service&doc_library=BVB01&local_base=BVB01&doc_number=032888118&sequence=000003&line_number=0002&func_code=DB_RECORDS&service_type=MEDIA
_zLiteraturverzeichnis
880 1 _6100-01/(N
_aТахнаева, Патимат Ибрагимовна
_4aut
880 2 _6710-02/(N
_aИнститут востоковедения
_44isb
880 1 0 _6245-03/(N
_aХаджи-Мурат
_bХаджимурад из Хунзаха
_cП.И. Тахнаева
880 1 _6264-04/(N
_aМосква
_bРоссийская академия наук. Институт востоковедения
_c2019
940 1 _fsla
940 1 _noe
942 1 1 _cMG
_e22/bsb
_2z
999 _c73263
_d73263